000 00823cam a2200193 4500
001 WB3619-03
008 000000n2000 000 0 eng u
035 _a(Sirsi) u105975
245 _aNo change in Construction Act
260 _c2000
490 _aBuilding
_v265(8136) 12 May 2000, 13(1)
520 _aDespite responding to the demands of specialist contractors and ordering a review of the Construction Act, the government has announced it has no plans to amend the Act this year.
590 _aWB
650 _aHOUSING GRANTS, CONSTRUCTION AND REGENERATION ACT 1996
650 _aMANAGEMENT-DISPUTE AVOIDANCE, MANAGEMENT AND RESOLUTION-DISPUTE MANAGEMENT AND RESOLUTION-ALTERNATIVE DISPUTE RESOLUTION-ADJUDICATION
650 _aSPECIALIST CONTRACTORS
690 _aBUILDING AND CONSTRUCTION-LAW
942 _n0
999 _c63457
_d63457